00429nam a2200145Ia 4500003000400000008004100004040001600045082001600061100002400077245006200101260005100163300000800214650003400222650002700256GCL140319s9999 xx 000 0 eng d aGCL / cGCL04a780.92bS M1 aSTRAUS, JOSPH NATHE10aTHE MUSIC OF RUTH CRAWFORD SEEGER / cSTRAUS, JOSPH NATHE a[S.N] : bCAMBRIDGE UNIVERSITY PRESS ، c1995 a26004aCRITICISM AND INTER PRETATION04aSEEGER RUTH, 1901-1953